Be prepared for the cost of contamination (Record no. 64948)

MARC details
000 -LEADER
fixed length control field 01030cam a2200229 4500
001 - CONTROL NUMBER
control field ABS63014
008 - FIXED-LENGTH DATA ELEMENTS--GENERAL INFORMATION
fixed length control field 000000n2000 000 0 eng u
035 ## - SYSTEM CONTROL NUMBER
System control number (Sirsi) u108792
100 ## - MAIN ENTRY--PERSONAL NAME
Personal name Finnamore, J.
245 ## - TITLE STATEMENT
Title Be prepared for the cost of contamination
260 ## - PUBLICATION, DISTRIBUTION, ETC.
Date of publication, distribution, etc. 2000
490 ## - SERIES STATEMENT
Series statement Estates Gazette
Volume/sequential designation (0038) 23 September 2000, 184-185(2)
520 ## - SUMMARY, ETC.
Summary, etc. Environmental issues, particularly contaminated land, have become an important source of business risk for the property sector in recent years. Ignored or mismanaged, environmental hazards can create insurmountable costs for companies. However, if the risk of these hazards is predicted and managed, the benefits can be vast. Details methods of quantifying environmental risk and demonstrates the benefits. Graphs.
590 ## - LOCAL NOTE (RLIN)
Local note ABS
650 ## - SUBJECT ADDED ENTRY--TOPICAL TERM
Topical term or geographic name entry element RISK MANAGEMENT
650 ## - SUBJECT ADDED ENTRY--TOPICAL TERM
Topical term or geographic name entry element CONTAMINATED LAND
650 ## - SUBJECT ADDED ENTRY--TOPICAL TERM
Topical term or geographic name entry element ENVIRONMENTAL HAZARDS
650 ## - SUBJECT ADDED ENTRY--TOPICAL TERM
Topical term or geographic name entry element ENVIRONMENTAL COSTS
650 ## - SUBJECT ADDED ENTRY--TOPICAL TERM
Topical term or geographic name entry element ENVIRONMENTAL RISK
690 ## - LOCAL SUBJECT ADDED ENTRY--TOPICAL TERM (OCLC, RLIN)
Topical term or geographic name as entry element ENVIRONMENT-CONTAMINATION
942 ## - ADDED ENTRY ELEMENTS (KOHA)
Suppress in OPAC 0
Holdings
Withdrawn status Lost status Source of classification or shelving scheme Damaged status Not for loan Home library Current library Shelving location Date acquired Total Checkouts Full call number Barcode Date last seen Copy number Price effective from Koha item type
    Dewey Decimal Classification     London London Journal article 16/10/2000   ABS63014 108792-1001 06/08/2019 1 06/08/2019 Journal article